00878nam a22002297a 450000500170000000800410001701700570005802000140011504000130012904100080014208200220015010000320017224500710020425000090027526000790028430000330036349000830039665000410047994200120052099900170053295200990054920240530110359.0150118s2010 ua ofd g 000 0 ara d a2009/3202bمصر . دار الكتب المصرية a977431533 aEG-CaGPL0 aara04221a155.4\bع م0 aعبدالفتاح غزال12aالمشكلات التعليمية /cعبدالفتاح غزال aط 1 aالقاهرة : bمؤسسة طيبة للطبع و النشر ،c2010 a255 ص :bايض ؛c24 سم0 aدراسات فى علم النفس الكلنيكى : الكتاب الاول04aعلم النفس الاكلنيكى 2ddccBK c60227d60227 00104070aCAIbCAId2015-01-18l0o155.4\ ع مp159234r2015-01-18 00:00:00w2015-01-18yBK